México Desconocido Guía Especial / (Registro nro. 20041)

Detalles MARC
000 -CABECERA
Campo de control de longitud fija 01626nas a22002894a 4500
007 - CAMPO FIJO DE DESCRIPCION - INFORMACION GENERAL
Campo de control ta
008 - ELEMENTOS DE LONGITUD FIJA—INFORMACION GENERAL
Campo de control 180427b20141996mx mu|p| |||| 00| 0 spa d
017 ## - DEPOSITO LEGAL
Deposito Legal 04-2010-090816083700-102
022 ## - ISSN
IS 18709397
040 ## - FUENTE DE CATALOGACIÓN
Agencia de catalogación original ULSAOAX
Agencia que realiza la transcripción ULSAOAX
Agencia que realiza la modificación ULSAOAX
041 0# - CÓDIGO DE LENGUA
Código de lengua del texto/banda sonora o título independiente spa
050 14 - SIGNATURA TOPOGRÁFICA DE LA BIBLIOTECA DEL CONGRESO
Número de clasificación REV
Código de autor MEXDESE
110 2# - AUTOR CORPORATIVO
Nombre de entidad corporativa o nombre de jurisdicción como elemento inicial Impresiones Aéreas
9 RLIN 18392
245 00 - MENCIÓN DE TÍTULO
Título México Desconocido Guía Especial /
Mención de responsabilidad etc. Impresiones Aéreas S.A. de C.V.
260 3# - PUBLICACIÓN, DISTRIBUCIÓN, ETC
Lugar de publicación México :
Editorial Impresiones Aéreas S.A. de C.V.
300 ## - DESCRIPCIÓN FÍSICA
Otras características físicas fotos; ilustraciones ;
Dimensiones 27.5 cm.
310 ## - FRECUENCIA ACTUAL DE LA PUBLICACIÓN
Frecuencia actual de la publicación Mensual.
504 ## - NOTA DE BIBLIOGRAFÍA
Nota de bibliografía Incluye referencias bibliográficas
520 1# - NOTA DE RESUMEN, ETC 
Nota de sumario, etc. Descubre México y sus destinos: ciudades, pueblos mágicos, playas, zonas arqueológicas, gastronomía y cultura. México Desconocido, con más de 40 años, ha sido pionero en reconocer y transmitir la riqueza inabarcable que tiene el país y que está ahí para ser descubierta. El amor por lo propio no es una moda: es identidad y nuestras plumas (Armando Vega-Gil, Carlos Lazcano, Gustavo Vela, Alfredo Martínez, Jimena Acevedo) y lentes (Claudio Contreras-Koob, Sergio Tapiro, Roberto Pedraza, Rodrigo Cruz) orientan, conmueven, transmiten la risa, informan con precisión y recomiendan lo más auténtico para que tu próximo viaje te cambie la vida, la tuya y la de tus anfitriones.
650 1# - TEMA GENER
Términos generales Turismo
Subdivisión geográfica México.
9 RLIN 6351
650 10 - TEMA GENER
Términos generales Turismo
Subdivisión de materia general Aventura
9 RLIN 20741
650 10 - TEMA GENER
Términos generales Turismo
Subdivisión de materia general Destinos turísticos
9 RLIN 20733
650 10 - TEMA GENER
Términos generales Turismo
Subdivisión de materia general Gastronomia
9 RLIN 20935
700 1# - ASIENTOS SECUNDARIOS BAJO AUTOR PERSONAL
Nombre de persona Santos, Prun,
Término indicativo de función editor
9 RLIN 20744
856 40 - LOCALIZACIÓN Y ACCESO ELECTRÓNICOS
Título del Enlace Sitio de la Revista
Enlace https://www.mexicodesconocido.com.mx/
942 ## - ENTRADA PARA ELEMENTOS AGREGADOS (KOHA)
Fuente de clasificación o esquema de ordenación en estanterías Clasificación Biblioteca del Congreso (LC)
Koha [por defecto] tipo de item Revista
Existencias
Descartado Item perdido Fuente de clasificación o esquema de ordenación en estanterías Dañado No para préstamo Localización permanente Localización actual Localización en estanterías Fecha de adquisición Fuente de adquisición Enumeración de seriadas / cronología Préstamos totales Signatura completa Código de barras Fecha última consulta Número de ejemplar Fecha del precio de reemplazo Tipo de item de Koha Renovaciones totales Fecha último préstamo
Activo 0 Clasificación Biblioteca del Congreso (LC) Activo Prestamo BIBLIOTECA ULSA OAXACA BIBLIOTECA ULSA OAXACA Hemeroteca 27/04/2018 Donación 2012 Sinaloa   REV MEXDESE RE00000574 27/04/2018 Ej.1 27/04/2018 Revista    
Activo 0 Clasificación Biblioteca del Congreso (LC) Activo Prestamo BIBLIOTECA ULSA OAXACA BIBLIOTECA ULSA OAXACA Hemeroteca 27/04/2018 Donación 2012 Sinaloa 2 REV MEXDESE RE00000575 13/05/2019 Ej.2 27/04/2018 Revista 1 10/05/2019
Activo 0 Clasificación Biblioteca del Congreso (LC) Activo Prestamo BIBLIOTECA ULSA OAXACA BIBLIOTECA ULSA OAXACA Hemeroteca 27/04/2018 Donación 2013 Zacatecas   REV MEXDESE RE00000576 27/04/2018 Ej.1 27/04/2018 Revista    
Activo 0 Clasificación Biblioteca del Congreso (LC) Activo Prestamo BIBLIOTECA ULSA OAXACA BIBLIOTECA ULSA OAXACA Hemeroteca 27/04/2018 Donación 2012 Chihuahua   REV MEXDESE RE00000577 27/04/2018 Ej.1 27/04/2018 Revista    
Activo 0 Clasificación Biblioteca del Congreso (LC) Activo Prestamo BIBLIOTECA ULSA OAXACA BIBLIOTECA ULSA OAXACA Hemeroteca 27/04/2018 Donación 2012 Oaxaca Guía Gastronómica 9 REV MEXDESE RE00000578 25/04/2023 Ej.1 27/04/2018 Revista   24/04/2023
Activo 0 Clasificación Biblioteca del Congreso (LC) Activo Prestamo BIBLIOTECA ULSA OAXACA BIBLIOTECA ULSA OAXACA Hemeroteca 27/04/2018 Donación 2011 Carreteras Escenicas   REV MEXDESE RE00000579 27/04/2018 Ej.1 27/04/2018 Revista    
Activo 0 Clasificación Biblioteca del Congreso (LC) Activo Prestamo BIBLIOTECA ULSA OAXACA BIBLIOTECA ULSA OAXACA Hemeroteca 28/04/2018 Donación 2012 Guanajuato 2 REV MEXDESE RE00000580 19/09/2022 Ej.1 28/04/2018 Revista   19/09/2022
Activo 1 Clasificación Biblioteca del Congreso (LC) Activo Prestamo BIBLIOTECA ULSA OAXACA BIBLIOTECA ULSA OAXACA Hemeroteca 07/08/2018 Donación 1995 Oaxaca Guía México 1 REV MEXDESE RE00001026 29/04/2023 Ej.1 07/08/2018 Revista   28/04/2023